Disproporcia na trhu práce východisko pre trh vzdelávania

Potreby národného hospodárstva spojené s tvorbou pracovných miest. Požiadavky na zamestnancov a manažérov, ktoré by mali byť východiskom pre vzdelávaciu politiku. Prenos požiadaviek trhu práce do vzdelávacieho systému.

Enregistré dans:
Détails bibliographiques
Auteur principal: Matulčíková, Marta, 1964-
Format: Chapitre de livre
Langue:slovaque
Sujets:
Tags: Ajouter un tag
Pas de tags, Soyez le premier à ajouter un tag!

MARC

LEADER 00000naa a2200000 4500
001 0167396
005 20240502072923.2
041 0 |a slo 
044 |a SK 
245 1 0 |a Disproporcia na trhu práce  |b východisko pre trh vzdelávania  |c Marta Matulčíková 
520 |a Potreby národného hospodárstva spojené s tvorbou pracovných miest. Požiadavky na zamestnancov a manažérov, ktoré by mali byť východiskom pre vzdelávaciu politiku. Prenos požiadaviek trhu práce do vzdelávacieho systému. 
610 2 0 |a trh práce 
610 2 0 |a zamestnanosť 
610 2 0 |a skupiny vekové 
610 2 0 |a zdroje ľudské 
610 2 0 |a politika zamestnanosti 
610 2 0 |a politika vzdelávania 
610 2 0 |a škola a prax 
100 1 |a Matulčíková, Marta, 1964-